-
OJHA, CHIRAG, 2- UDDIN, DR REHAN. 3-SHARMA, DR US
Entry Personal Name
Number of records used in: 1
001 - CONTROL NUMBER
003 - CONTROL NUMBER IDENTIFIER
005 - DATE AND TIME OF LATEST TRANSACTION
- control field:
20251120123706.0
008 - FIXED-LENGTH DATA ELEMENTS
- fixed length control field:
251120|| aca||aabn | a|a d
040 ## - CATALOGING SOURCE
- Original cataloging agency:
JRU
- Transcribing agency:
JRU
100 ## - HEADING--PERSONAL NAME
- Personal name:
OJHA, CHIRAG, 2- UDDIN, DR REHAN. 3-SHARMA, DR US
670 ## - SOURCE DATA FOUND
- Source citation:
Work cat.: (JRU)8923: OJHA, CHIRAG, 2- UDDIN, DR REHAN. 3-SHARMA, DR US, A TEXTBOOK OF UNIVERSAL HUMAN VALUES AND PROFESSIONAL ETHICS [ B. PHARM 3RD SEMESTER], 2025